000 02662nam a22005537a 4500
001 000064434
003 CHAP
005 20220329141131.0
008 971010s1986 r 00010 d
010 _a63139
011 _a64111
035 _a69254
040 _cCHAP
082 0 4 _a631.7
_bA7
100 0 0 _aArteaga Tovar, Ramón Eduardo.
_97731
245 1 0 _aPequeñas zonas de riego :
_b: estudios y proyecto.
260 _aChapingo, Méx. :
_bUACH. Departamento de Irrigación,
_c1986.
300 _a3 v.
500 _aV.4 Estructuras de cruce y de control y distribución
505 _aContenido: V.1 Consideraciones diversas y sistema de distribución en pequeñas zonas de riego -- V.2 Estructuras de conducción o unión --V.3 Estructura de cruce-sifones y puente canal
590 _aBATCH-UPD
_b10
_c20130110
_lUCH01
_h1109
590 _aBATCH-UPD
_b10
_c20130410
_lUCH01
_h0700
590 _aBATCH-UPD
_b10
_c20130914
_lUCH01
_h0413
590 _aCONVERSION
_b10
_c20130109
_lUCH01
_h1334
590 _aE5995AHE
_b05
_c20150324
_lUCH01
_h1416
650 1 4 _aIrrigación.
_960366
650 1 4 _aIrrigación
_xProyectos.
_960443
710 0 _aUACH. Departamento de Irrigación.
_9115874
901 _aBK
942 _cLIBRO
942 _n0
949 _a631.7 A7
_bBC
_cLIBRO
_d33724000163820
_eLIBRO
_fv.1
_h55746
_i69254
_so
949 _a631.7 A7
_bBC
_cLIBRO
_d33724000163838
_eLIBRO
_fv.1 c.2
_h55747
_i69254
_si
949 _a631.7 A7
_bBC
_cLIBRO
_d33724000163846
_eLIBRO
_fv.1 c.3
_h55748
_i69254
_si
949 _a631.7 A7
_bBC
_cLIBRO
_d33724000163853
_eLIBRO
_fv.1 c.4
_h55749
_i69254
_si
949 _a631.7 A7
_bBC
_cLIBRO
_d33724000163861
_eLIBRO
_fv.1 c.5
_h55750
_i69254
_si
949 _a631.7 A7
_bBC
_cLIBRO
_d33724000163879
_eLIBRO
_fv.1 c.7
_h55752
_i69254
_si
949 _a631.7 A7
_bBC
_cLIBRO
_d33724000163887
_eLIBRO
_fv.1 c.6
_h55751
_i69254
_si
949 _a631.7 A7
_bBC
_cLIBRO
_d33724000163945
_eLIBRO
_fv.2
_h580
_i69254
_so
949 _a631.7 A7
_bBC
_cLIBRO
_d33724000163952
_eLIBRO
_fv.3
_h581
_i69254
_si
949 _a631.7 A7
_bBC
_cLIBRO
_d33724000163960
_eLIBRO
_fv.1 c.8
_h55753
_i69254
_si
949 _a631.7 A7
_bBC
_cLIBRO
_d33724000163978
_eLIBRO
_fv.4
_h82292
_i69254
_si
949 _a631.7 A7
_bBC
_cLIBRO
_d33724000163986
_eLIBRO
_fv.4 c.2
_h82293
_i69254
_si
949 _a631.7 A7
_bBC
_cLIBRO
_d33724000163994
_eLIBRO
_fv.4 c.3
_h82294
_i69254
_si
949 _a631.7 A7
_bBC
_cLIBRO
_d33724000164000
_eLIBRO
_fv.4 c.4
_h82295
_i69254
_si
949 _a631.7 A7
_bBC
_cLIBRO
_d33724000164018
_eLIBRO
_fv.4 c.5
_h86668
_i69254
_si
949 _a631.7 A7
_bBC
_cLIBRO
_d33724000164026
_eLIBRO
_fv.4 c.6
_h86669
_i69254
_si
949 _a631.7 A7
_bBC
_cUACH
_d-22602
_eUACH
_fv.1 c.10
_h55755
_i69254
_si
999 _c63139
_d63139